00628nam a2200205Ia 450000500170000000800410001702000240005804000190008204100120010108200130011324500600012626000410018630000160022744000310024350400250027465000640029965100290036370000200039285000100041220230710131616.0131103s9999 xx 000 0 und d a019563767 4cRs.395 aLoreto College aEnglish a572bROB 4aThe concept of race in South Asiacedited by Peter Robb aDelhibOxford University Pressc1995 aix, 354 p.  aSoas studies on south Asia aIncludes biblography aAnthropology - Indigenous, racial, ethnic, national groups. aCulture and institutions aRobb, Peter,ed. aLCLIB